Name every member of that Pro Wrestling Stable - Statistics

General Stats
  • This quiz has been taken 9 times
  • The average score is 16 of 136
Answer Stats
Hint Answer % Correct
Four Horsemen Ric Flair
100%
Arn Anderson
80%
Tully Blanchard
60%
Barry Windham
40%
Brody King
40%
BUSHI
40%
Davey Boy Smith Jr
40%
El Desperado
40%
EVIL
40%
Hiromu Takahashi
40%
Hirooki Goto
40%
Lance Archer
40%
Villain Enterprises Marty Scurll
40%
Minoru
40%
Suzuki-Gun Minoru Suzuki
40%
SANADA
40%
Shingo Takagi
40%
LIJ Tetsuya Naito
40%
Yoshinobu Kanemaru
40%
Zack Sabre Jr
40%
Generation Next Alex Shelley
20%
DOUKI
20%
Gedo
20%
Giant Bernard
20%
Hiroyoshi Tenzan
20%
CTU Jushin Thunder Liger
20%
Karl Anderson
20%
PCO
20%
Prince Devitt
20%
Roderick Strong
20%
Shelton Benjamin
20%
Rise Shinsuke Nakamura
20%
Taichi
20%
Taka Michinoku
20%
Takashi Izuka
20%
TJP
20%
Great Bash Heel Togi Makabe
20%
Tomoaki Honma
20%
Tomohiro Ishii
20%
Toru Yano
20%
Akira Taue
0%
Aleja
0%
Atsushi Kotoge
0%
Austin Aries
0%
AZM
0%
Black Tiger
0%
Chris Dickinson
0%
STRONGHEARTS Cima
0%
Daisuke Sasaki
0%
Dezmond Xavier
0%
Dick Togo
0%
Dominic Garrini
0%
Catch Point Drew Gulak
0%
Duan Yingyan
0%
Eita
0%
El Lindaman
0%
Flip Gordon
0%
Fred Yehi
0%
Gao Jingjia
0%
Hajime Ohara
0%
Hao
0%
Hi69
0%
Hiroshi Yamato
0%
Issei Onitsuka
0%
Jack Evans
0%
Jado
0%
Jaka
0%
Tsuruta-Gun Jumbo Tsuruta
0%
Jun Akiyama
0%
Katsuhiko Nakajima
0%
Katsushi Takemura
0%
Kengo Mashimo
0%
Kongo Kenoh
0%
Kotoka
0%
Low Ki
0%
Mad Paulie
0%
Manabu Soya
0%
Masakatsu Funaki
0%
Masa Kitamiya
0%
Masanobu Fuchi
0%
Matt Riddle
0%
Matt Sydal
0%
Mei Seira
0%
Mighty Inoue
0%
Milano Collection AT
0%
Miyu Amasaki
0%
Monday Ryu
0%
Naoki Tanizaki
0%
Naruki Doi
0%
Nobuhiro Shimatani
0%
Puma King
0%
Punch Tominaga
0%
Rick Fuller
0%
Seiki Yoshioka
0%
Shigehiro Irie
0%
Shiro Koshinaka
0%
DAMNATION Shuji Ishikawa
0%
Shuji Kondo
0%
Soma Takao
0%
Neo Genesis Starlight Kid
0%
Stokely Hathaway
0%
Suzu Suzuki
0%
Tadasuke
0%
Takashi Iizuka
0%
Takashi Sugiura
0%
Takashi Yoshida
0%
Takehiro Yamamura
0%
Tetsuya Endo
0%
T-Hawk
0%
Tracy Williams
0%
Travis Tomko
0%
Trey Miguel
0%
YAMATO
0%
YASSHI
0%
Yasushi Kanaga
0%
Yoshiaki Yatsu
0%
Yoshiki Inamura
0%
Yoshinari Ogawa
0%
Yota Tsuji
0%
Yuji Hino
0%
Yuya Uemura
0%
Zachary Wentz
0%
No matching quizzes found
Score Distribution
Percent of People with Each Score
Percentile by Number Answered
Your Score History
You have not taken this quiz